Úprava povrchu kovových konstrukcí

Guardado en:
Detalles Bibliográficos
Autor principal: Zrůnek, Miroslav (Autor)
Formato: Libro
Lenguaje:checo
Publicado: Praha : SNTL, 1981
Edición:1.vyd.
Etiquetas: Agregar Etiqueta
Sin Etiquetas, Sea el primero en etiquetar este registro!

MARC

LEADER 00000nam a22000003a 4500
001 stu184341
005 20150617225607.3
008 090515s1981----cs------------------cze-d
040 |a STU  |b slo 
041 0 |a cze 
044 |a cs 
080 |a 620.197 
080 |a 624.014  |7 stu_us_auth*stu13473 
100 1 |a Zrůnek, Miroslav  |4 aut 
245 1 |a Úprava povrchu kovových konstrukcí 
250 |a 1.vyd. 
260 |a Praha :  |b SNTL,  |c 1981 
300 |a 117 s 
996 |c V*19134/O-7311  |l VV9  |s P  |a 0  |w stu184341_0001